Statistics for Countries in the first Olympic games

Click here to take the quiz!

General Stats

  • This quiz has been taken 21 times
  • The average score is 12 of 14

Answer Stats

Country% Correct
France
100%
Germany
100%
Greece
100%
United States of America
100%
Great Britain and Ireland
95%
Italy
95%
Austria
90%
Denmark
90%
Australia
86%
Sweden
86%
Switzerland
86%
Bulgaria
81%
Hungary
81%
Chile
33%

Score Distribution

Percentile by Number Answered

Percent of People with Each Score

Your Score History

You have not taken this quiz